Ville d'Amérique du Nord de A à Z - Statistiques

Statistiques générales
  • Ce quiz a été pris 47 fois
  • Le résultat moyen est 13 sur 26
Statistiques - réponses
Hint Lettre Réponse % Correct
Capitale du jeu L Las Vegas
90%
J'abrite l'université d'Harvard B Boston
88%
Dernière destination de JFK D Dallas
88%
Capitale mondiale des parcs d'attractions O Orlando
86%
J'ai accueilli les Jeux Olympiques d'hiver en 2010 V Vancouver
83%
Centre spatial américain H Houston
79%
Célèbre pour mes 500 miles I Indianapolis
71%
Capitale de la country N Nashville
64%
Fondée en 1608 par Samuel de Champlain Q Quebec
64%
Capitale de la Californie S Sacramento
62%
Capitale de la région de la Tequila G Guadalajara
57%
Je suis située entre deux états différents K Kansas City
57%
Plus grande ville de Floride J Jacksonville
55%
Ville des Trail Blazers P Portland
52%
J'ai longtemps abrité le plus grand centre commercial du monde E Edmonton
45%
J'ai inspiré Winnie l'Ourson W Winnipeg
43%
Tristement célèbre pour mes tunnels clandestins T Tijuana
40%
Je suis le cœur industriel du Mexique M Monterrey
38%
Ville d'Heisenberg A Albuquerque
33%
J'ai été la capitale des États confédérés R Richmond
29%
Surnommée the Queen City C Charlotte
24%
Je suis surnommée "Cowtown" F Fort Worth
17%
Je suis une ville de Louisiane, mais mon nom est surtout un prénom Z Zachary
12%
Je suis surnommée la "Havane sur l'Hudson" U Union City
2%
Ville qui a donné son nom au célèbre piment Jalapeño X Xalapa
2%
Capitale des TNO Y Yellowknife
2%
Aucun quiz correspondant
Distribution des résultats
% des personnes avec chaque résultat
Percentile par nombre de réponses
Votre historique - résultats
Vous n’avez pas pris ce quiz